00376nam a22001097a 4500008004100000040005500041080001500096245007500111260005900186300000900245650001200254230609b |||||||| |||| 00| 0 eng d aNational Science LibrarycNational Science Library a627.2 bK8 aTraffic survey of Madras port c/ National Council of Applied Research aMadras: bNational Council of Applied Research, c1968 a99p. aScience